Рубаи (Запись № 613015)

Подробности
000 -МАРКЕР
контрольное поле 01329nam0a2200313 4500
001 - ИДЕНТИФИКАТОР ЗАПИСИ
контрольное поле RU\NLR\bibl\1314580
005 - ИДЕНТИФИКАТОР ВЕРСИИ
контрольное поле 20260406150213.0
010 ## - МЕЖДУНАРОДНЫЙ СТАНДАРТНЫЙ НОМЕР КНИГИ (ISBN)
Номер (ISBN) 978-5-386-00636-5
Тираж 3000
021 ## - НОМЕР ГОСУДАРСТВЕННОЙ РЕГИСТРАЦИИ
Код страны российская федерация
Номер 2008-89614
Номер Листа государственной регистраци 5236
035 ## - ДРУГИЕ СИСТЕМНЫЕ НОМЕРА
Идентификатор записи (NLR Aleph) 001299976
100 ## - ДАННЫЕ ОБЩЕЙ ОБРАБОТКИ
Данные общей обработки 20090113d2008 |||y0rusy50 ca
101 1# - ЯЗЫК РЕСУРСА
Язык текста, звукозаписи и т.д. русский
Язык оригинала персидский, фарси
102 ## - СТРАНА ПУБЛИКАЦИИ ИЛИ ПРОИЗВОДСТВА
Страна публикации российская федерация
105 ## - ПОЛЕ КОДИРОВАННЫХ ДАННЫХ: ТЕКСТОВЫЕ МАТЕРИАЛЫ, МОНОГРАФИЧЕСКИЕ
Кодированные данные о монографическом текстовом документе a |||||||||
200 1# - ЗАГЛАВИЕ И СВЕДЕНИЯ ОБ ОТВЕТСТВЕННОСТИ
Основное заглавие Рубаи
Сведения, относящиеся к заглавию полное собрание
Первые сведения об ответственности Омар Хайям
Последующие сведения об ответственности [пер., сост., вступ. ст., примеч. и коммент. И. А. Голубева
-- худож. В. Н. Белоусов]
210 ## - ПУБЛИКАЦИЯ, РАСПРОСТРАНЕНИЕ И ДР.
Место издания, распространения и т.д. Москва
Имя издателя, распространителя и т. д. Рипол классик
Дата издания, распространения и т.д. 2008
215 ## - ФИЗИЧЕСКАЯ ХАРАКТЕРИСТИКА
Специфическое обозначение материала и объем 605, [2] с.
Другие сведения о физической характеристике ил.
Размеры 14
225 1# - СЕРИЯ
Основное заглавие серии Умная книга в подарок
686 ## - ИНДЕКСЫ ДРУГИХ КЛАССИФИКАЦИЙ
Индекс Ш5(0)952.314-4Омар Хайям
700 #0 - ИМЯ ЛИЦА - ПЕРВИЧНАЯ ОТВЕТСТВЕННОСТЬ
Код отношения Автор
Материалы, к которым относится поле rus
Графика поля Кириллица
Начальный элемент ввода Омар Хайям
Даты 1048-1131
Идентификатор авторитетной/нормативной записи RU\NLR\AUTH\774823
Системный номер авторитетной/нормативной записи 114798
702 #1 - ИМЯ ЛИЦА - ВТОРИЧНАЯ ОТВЕТСТВЕННОСТЬ
Код отношения Составитель
Материалы, к которым относится поле rus
Графика поля Кириллица
Начальный элемент ввода Голубев
Часть имени, кроме начального элемента ввода И. А.
Дополнения к именам, кроме дат переводчик
Даты 1940-2011
Расширение инициалов личного имени Игорь Андреевич
Идентификатор авторитетной/нормативной записи RU\NLR\AUTH\7775865
Системный номер авторитетной/нормативной записи 58793
702 #1 - ИМЯ ЛИЦА - ВТОРИЧНАЯ ОТВЕТСТВЕННОСТЬ
Код отношения Карикатурист, Художник
Материалы, к которым относится поле rus
Графика поля Кириллица
Начальный элемент ввода Белоусов
Часть имени, кроме начального элемента ввода В. Н.
Дополнения к именам, кроме дат художник
Расширение инициалов личного имени Владимир Николаевич
Идентификатор авторитетной/нормативной записи RU\NLR\AUTH\7754422
Системный номер авторитетной/нормативной записи 37354
801 #0 - ИСТОЧНИК ЗАПИСИ
Страна российская федерация
Организация NLR
Дата составления 20090113
Правила каталогизации RCR
801 #1 - ИСТОЧНИК ЗАПИСИ
Страна российская федерация
Организация NLR
Дата составления 20090113
942 ## - ДОПОЛНИТЕЛЬНЫЕ ЭЛЕМЕНТЫ ЗАПИСИ (АБИС)
Тип экземпляра АБИС Книга
980 ## - КОЛЛЕКЦИЯ
Название коллекции Национальная библиография
Экземпляры
Тип экземпляра Дата поступления Источник поступления Библиотека постоянного хранения Библиотека текущего хранения Место хранения Шифр хранения Штрих-код Статус не для выдачи
Книга 13.01.2009 Обязательный экземпляр РНБ (Московский) РНБ (Московский) Русский книжный фонд: издания с 1957 года, 9этаж 2009-1/13 2826741  
Книга 13.01.2009 Обязательный экземпляр РНБ (Московский) РНБ (Московский) Русский книжный фонд: издания с 1957 года, 9этаж 2009-1/13 2826742